[Event "RUS-ch Silent (Women)"]
[Site "Zelenograd"]
[Date "2018.10.29"]
[Round "5"]
[White "Cherepanina, Anastasiya"]
[Black "Balakhieva, Klavdia"]
[Result "0-1"]
[WhiteElo "1255"]
[BlackElo "1399"]
[PlyCount "86"]
[EventDate "2018.10.25"]
[EventType "tourn"]
[EventRounds "11"]
[EventCountry "RUS"]
[SourceTitle "EXT 2020"]
[Source "ChessBase"]
[SourceDate "2019.10.17"]
[SourceVersion "1"]
[SourceVersionDate "2019.10.17"]
[SourceQuality "1"]

1. e4 e5 2. Nf3 Nc6 3. Bb5 Bc5 4. d4 exd4 5. Bxc6 bxc6 6. Bg5 f6 7. Bf4 Bb4+ 8. c3 dxc3 9. bxc3 Ba5 10. 0-0 h6 11. e5 f5 12. Nd4 Bb7 13. Nxf5 Rh7 14. Qh5+ Kf8 15. Qg6 Ne7 16. Qxh7 Nxf5 17. Qxf5+ Kg8 18. e6 Qf8 19. Qe5 d6 20. Qxa5 Qxf4 21. Qxc7 Ba6 22. Na3 Bxf1 23. Rxf1 Re8 24. Qd7 Qf8 25. Nc4 d5 26. Nd6 Re7 27. Qxc6 Rxe6 28. Qxd5 Qe7 29. Qa8+ Kh7 30. Nf5 Qg5 31. c4 Qxf5 32. Qxa7 Rg6 33. c5 Qf3 34. g3 h5 35. Qe7 Rf6 36. Qe5 h4 37. Qg5 h3 38. Qh4+ Rh6 39. Qxh3 Rxh3 40. Re1 Qc3 41. Re3 Qxc5 42. Rf3 Qh5 43. Kf1 Qxf3 0-1